| 000 | 00787cam a2200253 a 4500 | ||
|---|---|---|---|
| 001 | 15021711 | ||
| 003 | OSt | ||
| 005 | 20160310093137.0 | ||
| 008 | 070925s2009 maua b 001 0 eng | ||
| 010 | _a 2007039909 | ||
| 020 | _a9780205569199 (pbk.) | ||
| 020 | _a0205569196 (pbk.) | ||
| 040 | _aSEKU | ||
| 050 | 0 | 0 |
_aQA11.2 _b.B7 2009 |
| 100 | 1 | _aBrahier, Daniel J. | |
| 245 | 1 | 0 |
_aTeaching secondary and middle school mathematics / _cDaniel J. Brahier. |
| 250 | _a3rd ed. | ||
| 260 |
_aBoston : _bPearson, _c2009. |
||
| 300 |
_axix, 407 p. : _bill. ; _c28 cm. |
||
| 504 | _aIncludes bibliographical references (p. 377-395) and index. | ||
| 650 | 0 |
_aMathematics _xStudy and teaching (Middle school) |
|
| 650 | 0 |
_aMathematics _xStudy and teaching (Secondary) |
|
| 942 |
_2lcc _cGEN |
||
| 999 |
_c11949 _d11949 |
||